000 00880nam a2200253Ia 4500
003 OSt
005 20220923225314.0
006 a|||||r|||| 00| 0
007 ta
008 220922b |||||||| |||| 00| 0 hin d
024 _a262,469
037 _cTextual
040 _aARTS
_cARTS
_bhin
041 _2hin
_ahin
082 _aO152jN37, N7
100 _aकाशयप, धनपति देवी, दीप्ति
245 0 _aमंजुलम् वाक्यम् काव्यम्
246 _ahinjulam vākyam kāvyam
260 _aदिल्ली
_b दीप्ति प्रकाशन
_c1997
300 _a608पृ.
_ccm.
650 _aहिन्दी साहित्य
_9156264
942 _hO152jN37, N7
_cTEXL
_2CC
999 _c377405
_d377405